00965 2200325 4500001002100000005001500021035002000036007000300056008004100059040001700100100002400117245011900141250001300260300004700273504002100320020002200341041000800363082001000371084001600381090002200397260003300419500001600452850001000468700003500478700003900513700002900552600002800581990001500609990001500624INLIS00000000000372520260528093113 a0010-0721000080ta260528 0  aSBPUPADbInd1 aPotter, Patricia A.1 aFundamental of Nursing :bFundamental Keperawatan Buku 2 /cPatricia A. Potter, Penerjemah, Adrina Ferderika Nggie a--Ed. 7. axxxviii, 726, i-4 hlm. :billus. ;c26 cm. aBibliografi, D-1 a978-602-8570-12-107aInd a610.7 a610.7 POT f a610.6 BOY b L15-9 a--Jakarta :bElsevier,c2010 aIndeks, I-1 aPUPAD0 aPengarang ke-2, Anner G. Perry0 aPenerjemah: Adrina Ferderika Nggie0 aPenerjemah: Marina ALbar 4aFundamental keperawatan a386/B/2013 a387/B/2013